Výučba predmetov orientovaných na dátovú analýzu v profile absolventa ekonomickej fakulty
Zaoberanie sa problematikou výučby predmetov, ktorých obsahom je práca s údajmi a aplikáciou základných analytických metód so zameraním sa na kritickú a logickú interpretáciu dosiahnutých výsledkov vykonanej dátovej analýzy.
Na minha lista:
| Autor principal: | |
|---|---|
| Outros Autores: | |
| Formato: | Capítulo de Livro |
| Idioma: | eslovaco |
| Assuntos: | |
| Tags: |
Sem tags, seja o primeiro a adicionar uma tag!
|
MARC
| LEADER | 00000naa a2200000 4500 | ||
|---|---|---|---|
| 001 | 0306101 | ||
| 005 | 20250113105547.7 | ||
| 041 | 0 | |a slo | |
| 044 | |a SK | ||
| 245 | 1 | 0 | |a Výučba predmetov orientovaných na dátovú analýzu v profile absolventa ekonomickej fakulty |c Jozef Bucko, Tomáš Pitka |
| 520 | |a Zaoberanie sa problematikou výučby predmetov, ktorých obsahom je práca s údajmi a aplikáciou základných analytických metód so zameraním sa na kritickú a logickú interpretáciu dosiahnutých výsledkov vykonanej dátovej analýzy. | ||
| 610 | 2 | 0 | |a dáta |
| 610 | 2 | 0 | |a analýza dát |
| 610 | 2 | 0 | |a učenie strojové |
| 610 | 2 | 0 | |a metódy |
| 610 | 2 | 0 | |a vzdelávanie |
| 100 | 1 | |a Bucko, Jozef | |
| 700 | 1 | |a Pitka, Tomáš | |